000 00761cam a22002291 4500
001 9236626
003 SEKU
005 20140825162542.0
008 730316s1935 enka 001 0 eng
010 _a 36008910
035 _a(OCoLC)581814
040 _aDLC
_cOKentU
_dPPiU
_dDLC
_dSEKU
_beng
042 _apremarc
050 0 0 _aQD457
_b.F5 1935
100 1 _aFindlay, Alexander,
_d1874-
245 1 0 _aPractical physical chemistry /
_cby Alexander Findlay ...With 117 figures in the text.
250 _a6th ed.
260 _aLondon :
_aNew York [etc.] ;
_bLongmans, Green and co.,
_c[1935]
300 _a318 p. :
_billus. ;
_c22 cm.
650 0 _aChemistry, Physical and theoretical
_xLaboratory manuals.
942 _2lcc
_cGEN
_hQD457
_i.F5 1935
999 _c1819
_d1819